| 000 | 00347nam a22001457a 4500 | ||
|---|---|---|---|
| 008 | 230621b ||||| |||| 00| 0 eng d | ||
| 020 | _a9780130853622 | ||
| 041 | _aeng | ||
| 080 | _a004 | ||
| 082 | _a004BIR | ||
| 100 | _a18 | ||
| 101 | _aSHKI | ||
| 245 |
_aINTRODUCTION TO BEHAVIORAL RESEARCH ON THE INTERNET _cBIRNBAUM.H.M |
||
| 942 |
_2udc _cBK |
||
| 999 |
_c60012 _d60012 |
||